• 首页
  • 本馆介绍
  • 公告通知
  • 最新文献
  • 馆藏检索
  • 电子资源
  • 读者导购
  • 参考咨询
  • 我的图书馆
  • 登录
  • 详细信息显示
  • 放入我的书架
  • 预约/预借图书
  • 作者相关作品
  • 分类相关作品
  • 丛书相关作品
  • 出版社相关作品

书目信息

  • 表格格式
  • 工作单格式
  • 卡片格式
书名: Computers in society
作者: Kathryn Schellenberg
分册号:
分册名:
出版地: GUILFORD :
 
出版社: Dushkin/McGraw Hill
出版时间: 1998.
页数: 245 p. :
开本: 23 cm.
丛书名:
中图分类号:
科图分类号:
其他分类号: TP399
主题词:
电子资源:
000 01053nam 2200301 a 4500
001 E0735821204
005 20070423100114.09
008 uu
008 00110 eng
008 1998
010    @a82007488 //r84
020    @a0131652826 (pbk.).
049    @aN5LA
050 0  @aQA76.9.C66 @bS83 1983
082 0  @a303.4/834 @219
090    @aTP399
099    @dTP399@ex86=7
100 10 @aStern, Nancy B.
245 10 @aComputers in society :@bAn annual editions publication / @cKathryn Schellenberg
250    @a7th ed.
260 0  @aGUILFORD :@bDushkin/McGraw Hill,@c1998.
300    @a245 p. :@bill. ;@c23 cm.
500    @aIncludes index.
504    @aBibliography: p. 490-504.
650  0 @aComputers and civilization.
650  0 @aElectronic data processing.
700 10 @aStern, Robert A. @b00 @c20020930 @lNLC09 @h2248 @b00 @c20021020 @lNLC09 @h1625 @b00 @c20021104 @lNLC09 @h1028 @lNLC09 @h2324 @lNLC09 @h1916 @b00 @c20030601 @lNLC09 @h1831 @b00 @c20030716 @lNLC09 @h0517
852 9  @bWWJC @cJ08N @k2-85 @hTP399 @iS83
    
    Computers in society : : An annual editions publication / / Kathryn Schellenberg.-7th ed.-GUILFORD : : Dushkin/McGraw Hill, , 1998.
    245 p. : : ill. ; ; 23 cm.
    Includes index.-Bibliography: p. 490-504.
    
    ISBN 0131652826 (pbk.).
    
●
相关链接 在E读中查询图书 在五车中查询图书 在当当中查询图书 在豆瓣中查询图书


正题名:Computers in society     索取号:TP399/x86=7         预约/预借

序号 登录号 条形码 馆藏地/架位号 状态 备注
1 4754   300047544   第二样本阅览室/ [索取号:TP399/x86=7] 在馆    
2 4755   300047553   第四借阅区/ [索取号:TP399/x86=7] 在馆    
3 4756   300047562   第四借阅区/ [索取号:TP399/x86=7] 在馆    
唐山师范学院图书馆 欢迎您!
大连网信软件有限公司© 版权所有